Iluminate the Times Square Ball by Answering Questions - Statistics

General Stats
  • This quiz has been taken 74 times
  • The average score is 5 of 12
Answers on the Map
Answers color-coded by a green-red scale on the quiz's map according to % correct below.
 
Answer Stats
Hint Answer % Correct
Name of the city, in which the title ball falls New York
85%
We launch them on 1st January Fireworks
68%
The promises we make for New Year New Year {Resolutions}
63%
Three most popular Carnival places Rio de Janeiro
58%
Most drunk alcoholic drink that night Champagne
54%
One of two countries that celebrate the New Year first Samoa | Kiribati
54%
Chinese zodiac in 2020 Rat
47%
Jewish New Year Rosh Hashanah
25%
Chinese zodiac in 2021 Ox
24%
Three most popular Carnival places Venice
14%
Three most popular Carnival places Tenerife
7%
Date of Chinese New Year (2021 and 2022) 19th February
3%
No matching quizzes found
Score Distribution
Percent of People with Each Score
Percentile by Number Answered
Your Score History
You have not taken this quiz